000 00615nam a2200205Ii 4500
003 JO-AjNU
008 230606s9999||||xx |||||||||||||| ||und||
040 _aJO-AjNU
_beng
_erda
_cJO-AjNU
041 _aeng
050 1 4 _aPR2364.A53 1969
100 3 _aSpenser, Edmund , paul Alpers (editor),
_eauthor
_95586
245 0 0 _aPenguin Critical Anthologies
264 3 1 _aAmerica: Penguin Books, 1969
300 _a395p
336 _atext
_btxt
_2rdacontent
337 _aunmediated
_bn
_2rdamedia
338 _avolume
_bnc
_2rdacarrier
490 0 _aPenguin critical anthologies 
650 4 _aEnglish poetry.
_95587
999 _aE2891
_c2889
_d2889